EU Law journal

Enregistré dans:
Détails bibliographiques
Format: Publication en série
Langue:russe
Publié: Bratislava IRIS 2017
Tags: Ajouter un tag
Pas de tags, Soyez le premier à ajouter un tag!

MARC

LEADER 00000nas2a2200000 4500
001 0233314
005 20170615112901.4
022 |a 2453-7098 
041 0 |a rus 
044 |a SK 
245 1 0 |a EU Law journal 
264 1 |a Bratislava  |b IRIS  |c 2017 
773 0 |w eu_un_cat*0211720